| 000 | 00757cam a22002653a 4500 | ||
|---|---|---|---|
| 001 | 16929 | ||
| 003 | PGUSA | ||
| 005 | 20140828083348.0 | ||
| 008 | 051023s2005||||xxu|||||s|||||000 | eng d | ||
| 040 |
_aPGUSA _beng |
||
| 042 | _adc | ||
| 050 | 4 | _aD501 | |
| 050 | 4 | _aPS | |
| 100 | 1 |
_aLardner, Ring, _d1885-1933 |
|
| 245 | 1 | 0 |
_aTreat 'em Rough : _bLetters from Jack the Kaiser Killer _h[electronic resource] / _cRing Lardner |
| 260 |
_bProject Gutenberg, _c2005 |
||
| 506 | _aPublic domain in the USA. | ||
| 516 | _aElectronic text | ||
| 653 | _aAmerican wit and humor | ||
| 653 | _aWorld War, 1914-1918 -- Humor | ||
| 700 | 1 | _aCrerie, Frank | |
| 830 | 0 |
_aProject Gutenberg _v16929 |
|
| 856 | 4 | 0 | _uhttp://www.gutenberg.org/ebooks/16929 |
| 942 | _cEB | ||
| 999 |
_c246184 _d246184 |
||